000 00594nam a2200229Ia 4500
003 OSt
005 20220928101740.0
006 a|||||r|||| 00| 0
007 ta
008 220927b |||||||| |||| 00| 0 eng d
024 _a63016
037 _cTextual
040 _aSDCL
_cSDCL
_beng
041 _2eng
_aeng
082 _aO152,3N273,3, L1
100 _aNarayan Kuwar
_9394735
245 0 _aAakaro ke aaspaas.
260 _aDelhi
_bRadhakrishan
_c1971
300 _a121p.
_ccm.
942 _hO152,3N273,3, L1
_cTEXL
_2CC
999 _c710338
_d710338